El dia con María o sea práctica de la vida de intimidad con la dulce reina de corazones, para el uso de los sacerdotes, religiosos y religiosas

Uloženo v:
Podrobná bibliografie
Hlavní autor: Lombaerde, J. M. de (autor)
Médium: Kniha
Jazyk:španělština
Vydáno: Barcelona Casa Editorial de Arte Católico 1941
Vydání:3a. ed
Témata:
Tagy: Přidat tag
Žádné tagy, Buďte první, kdo vytvoří štítek k tomuto záznamu!

MARC

LEADER 00000cam a2200000 a 4500
001 UCD0306
003 CL-VaPUC
008 151120e19410000sp |||||||||||||||||spa|d
082 0 4 |a 232.91  |b LOM  |2 21 
100 |a Lombaerde, J. M. de  |e autor  |9 584262 
245 1 3 |a El dia con María o sea práctica de la vida de intimidad con la dulce reina de corazones, para el uso de los sacerdotes, religiosos y religiosas 
250 |a 3a. ed 
300 |a 407 p 
942 |c BK 
945 |d 20151120 13:39:00  |a gsalatino 
260 |a Barcelona  |b Casa Editorial de Arte Católico  |c 1941 
600 0 |a Virgen María   |9 314204 
650 0 |a Mariología   |9 365249 
650 7 |a ENSEÑANZA BIBLICA  |2 CL-VaPUC  |9 320049 
583 |a last modification  |c 20170822 12:09:30  |k Rodrigo Vera 
999 |c 361872  |d 361870 
952 |0 0  |1 0  |3 erd  |4 0  |6 232_910000000000000_LOM_1941  |7 0  |8 P  |9 472616  |a BIBTEO  |b BIBTES  |c TEO_FTES  |i 5271347  |o 232.91 LOM 1941  |p 5271347  |r 2024-01-18  |w 2019-11-24  |y BK  |z Catalogado en:20151120  |k ICR